000 00222nam a22000857a 4500
008 160823b xxu||||| |||| 00| 0 eng d
100 _9222
_aNehemiah A
245 _aSurprise Gifts
260 _aNew Delhi
_bChildren Book Trust
_c2011
999 _c2879
_d2879